书目信息 |
| 题名: |
生态设计新论
|
|
| 作者: | 周曦 , 李湛东 编著 | |
| 分册: | ||
| 出版信息: | 南京 东南大学出版社 2003.06 |
|
| 页数: | 132页 | |
| 开本: | 25cm | |
| 丛书名: | ||
| 单 册: | ||
| 中图分类: | TU2 | |
| 科图分类: | ||
| 主题词: | 生态学--关系--建筑设计--研究 , 建筑设计 | |
| 电子资源: | ||
| ISBN: | 7-81089-077-8 | |
| 000 | 00748nam0 2200253 45 | |
| 001 | 012004000000 | |
| 005 | 20050426102212.74 | |
| 010 | @a7-81089-077-8@dCNY 45.00 | |
| 100 | @a20040828d2003 em y0chiy0121 ea | |
| 101 | 0 | @achi |
| 102 | @aCN@b320000 | |
| 105 | @aaf z 000yy | |
| 200 | 1 | @a生态设计新论@Asheng tai she ji xin lun@e对生态设计的反思和再认识@f周曦, 李湛东编著 |
| 210 | @a南京@c东南大学出版社@d2003.06 | |
| 215 | @a132页@c图@d25cm | |
| 320 | @a书末附参考文献和附录 | |
| 517 | 1 | @a对生态设计的反思和再认识 |
| 606 | 0 | @a生态学@x关系@x建筑设计@x研究 |
| 606 | 0 | @a建筑设计 |
| 690 | @aTU2@v4 | |
| 701 | 0 | @a周曦@Azhou xi@4编著 |
| 701 | 0 | @a李湛东@Ali zhan dong@4编著 |
| 801 | 0 | @aCN@bQSSKw@c20050426 |
| 905 | @a10447@dTU2@eZ803 | |
| 生态设计新论:对生态设计的反思和再认识/周曦, 李湛东编著.-南京:东南大学出版社,2003.06 |
| 132页:图;25cm |
| ISBN 7-81089-077-8:CNY 45.00 |
| ● |
| 相关链接 |
|
|
|
正题名:生态设计新论
索取号:TU2/Z803
 
预约/预借
| 序号 | 登录号 | 条形码 | 馆藏地/架位号 | 状态 | 备注 |
| 1 | 422728 | 204227283 | 建筑库101/101建筑库 31排3列2层/ [索取号:TU2/Z803] | 在馆 | |
| 2 | 442089 | 204420894 | 建筑库101/101建筑库 31排3列2层/ [索取号:TU2/Z803] | 在馆 | |
| 3 | 442090 | 204420901 | 建筑库101/101建筑库 31排3列2层/ [索取号:TU2/Z803] | 在馆 | |
| 4 | 442091 | 204420910 | 建筑库101/101建筑库 31排3列2层/ [索取号:TU2/Z803] | 在馆 |